LEADER 01253nam--2200397---450- 001 990001737210203316 005 20070329120216.0 035 $a000173721 035 $aUSA01000173721 035 $a(ALEPH)000173721USA01 035 $a000173721 100 $a20040608d1964----km-y0itay0103----ba 101 0 $aita 102 $aIT 105 $a|||-||||001yy 200 1 $aLetteratura italiana$ei contemporanei$erepertorio bibliografico aggiunto ai Contemporanei$eopere, biografia e critica (1881-1963)$f[a cura di A. Mazzotti] 210 $aMilano$cMarzorati$d1964 215 $a156 p.$d24 cm 225 2 $aOrientamenti culturali 410 0$12001$aOrientamenti culturali 454 1$12001 461 1$1001-------$12001 606 0 $aLetteratura italiana$zSec. 20.$xBibliografia 676 $a016.8 702 1$aMAZZOTTI,$bArtal 801 0$aIT$bsalbc$gISBD 912 $a990001737210203316 951 $aVI.3. Bibl. 45(016.8 REP)$b51650 L.M.$cREP 959 $aBK 969 $aUMA 979 $aSIAV4$b10$c20040608$lUSA01$h1833 979 $aSIAV4$b10$c20040608$lUSA01$h1847 979 $aCOPAT2$b90$c20051122$lUSA01$h1252 979 $aCOPAT6$b90$c20070329$lUSA01$h1202 996 $aLetteratura italiana$973616 997 $aUNISA LEADER 01188nam 2200421 450 001 9910825649903321 005 20230814230932.0 010 $a1-55138-935-5 035 $a(CKB)4100000007519955 035 $a(MiAaPQ)EBC5630691 035 $a(EXLCZ)994100000007519955 100 $a20190201d2018 uy 0 101 0 $aeng 135 $aurcnu|||||||| 181 $ctxt$2rdacontent 182 $cc$2rdamedia 183 $acr$2rdacarrier 200 10$aAsking better questions $eteaching and learning for a changing world /$fJuliana Saxton [and three others] 205 $aThird edition. 210 1$aMarkham, Ontario :$cPembroke Publishers Limited,$d[2018] 210 4$dİ2018 215 $a1 online resource (129 pages) $cillustrations 311 $a1-55138-335-7 606 $aQuestioning 606 $aTeaching 606 $aLearning 615 0$aQuestioning. 615 0$aTeaching. 615 0$aLearning. 676 $a371.37 700 $aSaxton$b Juliana$f1933-$0846972 801 0$bMiAaPQ 801 1$bMiAaPQ 801 2$bMiAaPQ 906 $aBOOK 912 $a9910825649903321 996 $aAsking better questions$94056973 997 $aUNINA